Bytový dom

Uložené v:
Podrobná bibliografia
Hlavný autor: Hrnková, Ema Marie (Autor)
Ďalší autori: Briatka, Peter (Vedúci práce)
Médium: Rukopis Kniha
Jazyk:Slovak
Vydavateľské údaje: 2021
Predmet:
On-line prístup:http://is.stuba.sk/zp/portal_zp.pl?podrobnosti=149161
https://opac.crzp.sk/?fn=detailBiblioForm&sid=C3156EBF8AB965AD232FDAC699AC
Tagy: Pridať tag
Žiadne tagy, Buďte prvý, kto otaguje tento záznam!

MARC

LEADER 00000ntm a22000003a 4500
001 stuzp84631
003 SK-STU
005 20230512141609.8
007 ta
008 150427s2015----xo-----f-mn---000-0-slo-d
040 |a STU  |b slo 
041 0 |a slo 
100 1 |a Hrnková, Ema Marie  |u 010270  |4 aut  |U SvF Stavebná fakulta  |T SvF Katedra technológie stavieb  |X 97615  |U V270  |Y 28  |7 97615 
242 0 1 |a Apartment house  |y eng 
245 1 0 |a Bytový dom 
260 |c 2021 
650 4 |a železobetónová konštrukcia  |2 slo 
650 4 |a projekt organizácie výstavby  |2 slo 
650 4 |a stropné debnenie systém Dokaflex  |2 slo 
650 4 |a bytový dom  |2 slo 
650 4 |a apartment building  |2 eng 
650 4 |a project of organizing the construction  |2 eng 
650 4 |a concrete ceiling casting  |2 eng 
650 4 |a Dokaflex system  |2 eng 
650 4 |a reinforced concrete structure  |2 eng 
700 1 |a Briatka, Peter  |u 010270  |k Z8  |4 ths  |U SvF Stavebná fakulta  |T SvF Katedra technológie stavieb  |X 23787  |U V270  |Y 28  |7 A000023787 
856 4 |u http://is.stuba.sk/zp/portal_zp.pl?podrobnosti=149161 
856 4 |u https://opac.crzp.sk/?fn=detailBiblioForm&sid=C3156EBF8AB965AD232FDAC699AC